000
00413nam a22001577a 4500
003
MPLRDC
005
20220104143214.0
008
210129b ||||| |||| 00| 0 eng d
082
_a
220.7 SXDY
100
_a
森下大圆
245
_a
观世音菩萨普门品讲话
_c
释星云译
260
_a
_b
国际佛光会马来西亚协会
_c
1999
300
_b
平
650
_a
佛教杂论
942
_c
BK
_o
220.7 SXDY
999
_c
37637
_d
37627